|
|
|
|
| LEADER |
00000nab a2200000 a 4500 |
| 001 |
vtls000921142 |
| 003 |
SK-MaSNL |
| 005 |
20260318114537.0 |
| 008 |
040720e19930000xo 0 slo |
| 035 |
|
|
|a KE30019
|
| 040 |
|
|
|a KEVKJB
|b slo
|c KEVKJB
|e AACR2
|
| 041 |
1 |
|
|h eng
|
| 044 |
|
|
|a xo
|c SK
|
| 080 |
|
|
|a 796.51
|2 1981
|
| 100 |
1 |
|
|a Sásik, T.
|4 aut
|9 1018945
|
| 245 |
1 |
4 |
|a The Grandee of Ružín
|
| 650 |
0 |
7 |
|a turistika
|2 KEVKJB
|9 683
|
| 650 |
0 |
7 |
|a trate turistické
|2 KEVKJB
|9 883790
|
| 650 |
0 |
7 |
|a informácie
|2 KEVKJB
|9 1285
|
| 650 |
0 |
7 |
|a popisy
|2 KEVKJB
|9 535593
|
| 651 |
|
7 |
|a Sivec (Čierna hora, Slovensko : vrch)
|2 KEVKJB
|9 30839
|
| 651 |
|
7 |
|a Hornád (Slovensko a Maďarsko : rieka)
|2 KEVKJB
|9 26821
|
| 651 |
|
7 |
|a Slovenský raj (Slovensko : pohorie)
|2 KEVKJB
|9 65478
|
| 651 |
|
7 |
|a Ružín (Slovensko : zaniknutá obec)
|2 KEVKJB
|9 58259
|
| 651 |
|
7 |
|a Ružín (Slovensko : vodná nádrž)
|2 KEVKJB
|9 17017
|
| 651 |
|
7 |
|a Košice (Slovensko)
|2 KEVKJB
|9 18694
|
| 651 |
|
7 |
|a KS,
|2 KEVKJB
|9 880381
|
| 655 |
|
7 |
|a periodikum
|2 snkbucl
|9 29553
|
| 773 |
0 |
8 |
|t Panorama of Slovakia
|g Roč. 28, č.1 (1993), s. 14-15
|
| 852 |
|
|
|a ZVYKNI
|b KIS3GCP
|
| 999 |
|
|
|c 3320331
|d 3322261
|